000 00366nam a2200133Ia 4500
008 151001s9999||||xx |||||||||||||| ||und||
100 _aJawanarlal Nehru
245 _aLetters from a father to his Daughetr
250 _a18
260 _bChildren Books Trust
260 _c1997
300 _a79
365 _b24
999 _c974932
_d974929